000 00385cam a22001217a 4500
008 180718b1975 xxu||||| |||| 00| 0 eng d
082 _aA81x54 In2/71/14/Pt1A/2
100 _aCensus of India 1971
245 _aMysore: general report
260 _aDelhi
_bThe Controller of Publications
_c1975
300 _a640+p.
440 _aCensus of India 1971. Series-14, Mysore. Part-I A. Volume-II
999 _c485878
_d485878